01882nam a2200253 a 4500001001000000005001700010008004100027041000800068044000700076084002000083100004500103245016400148260003000312300004200342500012800384500017000512500068400682546002501366650005201391650005601443650003401499650004501533740005001578BRCA_299220190320204047.0160109s1616----fr-#---###---#000-0#fre-u afre afr a315b.F68c16161 aCervantes Saavedra, Miguel ded1547-161610aLe Valevrevx Don Quixote de la Manchebov l´Historie de ses Grands Exploits d´armes, fideles Amours, etc. Adventures estrangescMiguel de Cervantes Saavedra. aParísbJean Fouetc1616 a1 v. (en varias paginaciones)c17 cm. aContenido : Primera parte. Dedicatoria del traductor al Rey. Prólogo del autor. Privilegio. Advertencia del editor. Texto aEdición : Oeuvre non mois vtile que de plaisante et delectable lecture. Traduit fidelement de l´Espagnol de Miguel de Cervantes and dedié au Ray par Cesar Ovdin aSegunda edición de la primera traducción francesa de la primera parte, hecha por César Oudin. El texto de que se sirvió para su versión fue la tercera edición de Cuesta (1608), la cual tradujo escrupulosamente, pero suprimiendo la dedicatoria de Cervantes y los versos preliminares. Corrigió varias erratas que se estamparon en la primera edición y mejoró el texto. Mas tuvo el desacierto de cambiar el título de la primera edición: Lingenievx Don Qvixote..., por Le valevrevx Don Qvixote..., peca, además, de excesivamente literal. La parte tipográfica y el papel son muy buenos. Ejemplar muy bien conservado; encuadernado en pergamino Lúdovik Osterc aTexto en : francés14aNovela españolayÉpoca clásica, 1500-170014aLiteratura españolayÉpoca clásica, 1500-170014aNovela españolaySiglo XVII14aDon Quijote (Personaje ficticio)eNovela0 aEl Ingenioso Hidalgo Don Quijote de la Mancha